El poema del Mio Cid / (Registro nro. 12935)
[ vista simple ]
| 000 -LEADER | |
|---|---|
| fixed length control field | 00749nam a22002177a 4500 |
| 003 - CONTROL NUMBER IDENTIFIER | |
| control field | DO-SdBN |
| 005 - DATE AND TIME OF LATEST TRANSACTION | |
| control field | 20180208093923.0 |
| 008 - FIXED-LENGTH DATA ELEMENTS--GENERAL INFORMATION | |
| fixed length control field | 171117b 1985 dr | |||| 00| 0 spa d |
| 017 ## - COPYRIGHT OR LEGAL DEPOSIT NUMBER | |
| Copyright or legal deposit number | |
| Assigning agency | |
| 035 ## - SYSTEM CONTROL NUMBER | |
| System control number | |
| 040 ## - CATALOGING SOURCE | |
| Original cataloging agency | BPMSU |
| Language of cataloging | spa |
| Transcribing agency | BPMSU |
| Description conventions | |
| 080 ## - UNIVERSAL DECIMAL CLASSIFICATION NUMBER | |
| Universal Decimal Classification number | |
| 100 1# - MAIN ENTRY--PERSONAL NAME | |
| Personal name | Anónimo |
| 245 13 - TITLE STATEMENT | |
| Title | El poema del Mio Cid / |
| Statement of responsibility, etc. | anónimo ; fragmentos escogidos y crítica por Lucila Marrero Aizpurúa ; [fragmentos escogidos del texto antiguo de Ramón Méndez Pidal y la versión moderna de Pedro Salinas]. |
| Medium | |
| 260 ## - PUBLICATION, DISTRIBUTION, ETC. (IMPRINT) | |
| Place of publication, distribution, etc. | Santo Domingo : |
| Name of publisher, distributor, etc. | Corripio, |
| Date of publication, distribution, etc. | 1985. |
| 300 ## - PHYSICAL DESCRIPTION | |
| Extent | 225 p. : |
| Other physical details | il. ; |
| Dimensions | 26 cm |
| 500 ## - GENERAL NOTE | |
| General note | La biblioteca posee la 3ra. reimpresión de 1994. |
| 942 ## - ADDED ENTRY ELEMENTS (KOHA) | |
| Source of classification or shelving scheme | Dewey Decimal Classification |
| Koha item type | Libros |
| 945 ## - LOCAL PROCESSING INFORMATION (OCLC) | |
| a | Inventariado, 2018 /LP |
| 956 ## - LOCAL ELECTRONIC LOCATION AND ACCESS (OCLC) | |
| Host name | BTAVAREZ |
| Access number | 10 |
| Electronic name | 0038 |
| Withdrawn status | Lost status | Source of classification or shelving scheme | Damaged status | Not for loan | Collection code | Home library | Current library | Date acquired | Source of acquisition | Total Checkouts | Barcode | Date last seen | Price effective from | Koha item type |
|---|---|---|---|---|---|---|---|---|---|---|---|---|---|---|
| Dewey Decimal Classification | Colección Dominicana | Biblioteca Pública Metropolitana Salomé Ureña | Biblioteca Pública Metropolitana Salomé Ureña | 11/17/2017 | Erick Landestoy | BPMSU17110243 | 11/17/2017 | 11/17/2017 | Libros |